5HLuxD.jpg

KING HENRY VIII SENIOR AND PRIMARY SCHOOL LIBRARY OPAC

Money and trade / (Record no. 1341)

000 -LEADER
fixed length control field 01531cam a2200349 a 4500
001 - CONTROL NUMBER
control field 16460492
003 - CONTROL NUMBER IDENTIFIER
control field OSt
005 - DATE AND TIME OF LATEST TRANSACTION
control field 20221228142422.0
008 - FIXED-LENGTH DATA ELEMENTS--GENERAL INFORMATION
fixed length control field 100915s2012 iluab j b 001 0 eng
010 ## - LIBRARY OF CONGRESS CONTROL NUMBER
LC control number 2010038049
020 ## - INTERNATIONAL STANDARD BOOK NUMBER
International Standard Book Number 9781432946425
035 ## - SYSTEM CONTROL NUMBER
System control number (OCoLC)ocn664519581
040 ## - CATALOGING SOURCE
Original cataloging agency DLC
Transcribing agency DLC
Modifying agency IG#
-- DLC
-- KH8
082 00 - DEWEY DECIMAL CLASSIFICATION NUMBER
Classification number 382 CAT
Edition number 22
100 1# - MAIN ENTRY--PERSONAL NAME
Personal name Catel, Patrick.
Relator term Author
245 10 - TITLE STATEMENT
Title Money and trade /
Statement of responsibility, etc. Patrick Catel.
260 ## - PUBLICATION, DISTRIBUTION, ETC.
Place of publication, distribution, etc. Chicago, Ill. :
Name of publisher, distributor, etc. Heinemann Library,
Date of publication, distribution, etc. c2012.
300 ## - PHYSICAL DESCRIPTION
Extent 48 p. :
Other physical details ill. (chiefly col.), col. maps ;
Dimensions 25 cm.
490 0# - SERIES STATEMENT
Series statement Understanding money
490 1# - SERIES STATEMENT
Series statement Heinemann infosearch
504 ## - BIBLIOGRAPHY, ETC. NOTE
Bibliography, etc. note Includes bibliographical references (p. 47) and index.
505 0# - FORMATTED CONTENTS NOTE
Formatted contents note What is economics? -- How did trade affect history? -- How did trade grow? -- What does free trade mean? -- What are trade agreements? -- Who makes sure trade is fair? -- How do pirates affect trade? -- How do businesses benefit from trade? -- What does globalization mean?
520 ## - SUMMARY, ETC.
Summary, etc. This volume explains how money is created and used, and how it is a part of the global system of trade and economics.
650 #0 - SUBJECT ADDED ENTRY--TOPICAL TERM
Topical term or geographic name entry element Commerce
Form subdivision Juvenile literature.
650 #0 - SUBJECT ADDED ENTRY--TOPICAL TERM
Topical term or geographic name entry element Free trade
Form subdivision Juvenile literature.
650 #0 - SUBJECT ADDED ENTRY--TOPICAL TERM
Topical term or geographic name entry element International trade
Form subdivision Juvenile literature.
650 #0 - SUBJECT ADDED ENTRY--TOPICAL TERM
Topical term or geographic name entry element Money
Form subdivision Juvenile literature.
830 #0 - SERIES ADDED ENTRY--UNIFORM TITLE
Uniform title Heinemann infosearch.
906 ## - LOCAL DATA ELEMENT F, LDF (RLIN)
a 7
b cbc
c orignew
d 1
e ecip
f 20
g y-gencatlg
942 ## - ADDED ENTRY ELEMENTS (KOHA)
Source of classification or shelving scheme
Koha item type Books - Non Ficton
Holdings
Withdrawn status Lost status Source of classification or shelving scheme Damaged status Not for loan Collection code Permanent Location Current Location Shelving location Date acquired Total Checkouts Total Renewals Full call number Barcode Date last seen Date last checked out Price effective from Koha item type
          Non-Fiction KH8 Primary School Library KH8 Primary School Library Non Fiction 2022-12-28 8 1 382 CAT KHPL000003119 2025-12-05 2024-06-14 2022-12-28 Books - Non Ficton

Powered By KH8 IT Dept